<?xml version="1.0" encoding="UTF-8"?>
<record
    xmlns:xsi="http://www.w3.org/2001/XMLSchema-instance"
    xsi:schemaLocation="http://www.loc.gov/MARC21/slim http://www.loc.gov/standards/marcxml/schema/MARC21slim.xsd"
    xmlns="http://www.loc.gov/MARC21/slim">

  <leader>00480    a2200109   4500</leader>
  <controlfield tag="001">ART_59284</controlfield>
  <controlfield tag="005">20260410161610.0</controlfield>
  <controlfield tag="008">260409a                                 </controlfield>
  <datafield tag="245" ind1="1" ind2="0">
    <subfield code="a">Algunas diferencias y similitudes entre la norma unificada argentina de contabilidad (NUA) y las normas internacionales de informaci&#xF3;n financiera (NIIF). Ingresos de actividades ordinarias</subfield>
  </datafield>
  <datafield tag="100" ind1="1" ind2=" ">
    <subfield code="a">Zgaib, Alfredo O.</subfield>
  </datafield>
  <datafield tag="773" ind1="0" ind2=" ">
    <subfield code="t">Profesional &amp; Empresaria</subfield>
    <subfield code="g">- A&#xF1;o XXV, N&#xBA; 288 (sep. 2023)</subfield>
    <subfield code="w">REV70</subfield>
  </datafield>
  <datafield tag="999" ind1=" " ind2=" ">
    <subfield code="c">10593</subfield>
    <subfield code="d">10593</subfield>
  </datafield>
</record>
